000
00294nam a2200109 a 4500
008
101210s2005|||| d
245
1
0
_a
Technical Guidelines for Digital Cultural Content Creation Programmes
260
_b
La Tipografia
_a
Rome
_c
2005
020
_c
10
041
_a
eng
044
_a
EN
999
_c
15083
_d
15083